Desafíos y tendencias del México actual /
Da cuenta de los aspectos y situaciones que por su naturaleza afectan la seguridad del planeta y por ende, de los estados-nación, incluyendo México.Doc/PAG
Uloženo v:
| Hlavní autor: | |
|---|---|
| Další autoři: | |
| Médium: | Neznámo |
| Vydáno: |
Tlaquepaque, Jalisco:
ITESO. CIFS
|
| Témata: | |
| Tagy: |
Přidat tag
Žádné tagy, Buďte první, kdo vytvoří štítek k tomuto záznamu!
|
MARC
| LEADER | 00000 a2200000 04500 | ||
|---|---|---|---|
| 001 | 19360 | ||
| 003 | |||
| 008 | 991231s d | ||
| 040 | |a CRAI/IIS |c CRAI/IIS | ||
| 090 | |a 145801 | ||
| 100 | |a Osorio Goicoechea, Joaquín | ||
| 245 | |a Desafíos y tendencias del México actual / |c Joaquín Osorio Goicoechea | ||
| 260 | |a Tlaquepaque, Jalisco: |b ITESO. CIFS | ||
| 300 | |a 249 p. | ||
| 520 | |a Da cuenta de los aspectos y situaciones que por su naturaleza afectan la seguridad del planeta y por ende, de los estados-nación, incluyendo México.Doc/PAG | ||
| 650 | |a GLOBALIZACION | ||
| 650 | |a POLITICA ECONOMICA | ||
| 650 | |a POLITICA DE SEGURIDAD NACIONAL | ||
| 650 | |a HISTORIA ECONOMICA | ||
| 650 | |a PROBLEMAS SOCIALES | ||
| 700 | |a coord | ||
| 999 | |c 17573 |d 17573 | ||
